000 00519nam a2200193Ia 4500
003 IN-BaIIA
008 211028s9999 xx 000 0 eng d
020 _a7064-0845-0
040 _cIIA Library
080 _a03:911(410)
_bTLB
110 _aTime Life Books
245 0 _aBritain
_cTime-Life Books
260 _aAmsterdam
_bL.B. Publishers
_c1986
300 _a160p.
490 _aLibrary of Nations
650 _aBritain
_9143
650 _aNASA Thesaurus
942 _cBK
999 _c9392
_d9392